Tilastot visalle Jokia A-Ö

Klikkaa tästä pelataksesi tätä visaa!

Yleistilastot

  • Tätä visaa on pelattu 376 kertaa
  • Keskiarvotulos 14 / 26

Vastaustilastot

VihjeJoki% Oikein
NMaailman pisin jokiNiili
93%
AVirtaamaltaan maailman suurin jokiAmazon
91%
SPariisin läpi virtaava jokiSeine
84%
VEuroopan pisin jokiVolga
84%
RSaksan pisin jokiRein
82%
TLontoon läpi virtaava jokiThames
82%
GHindujen pyhä jokiGanges
79%
MPohjois-Amerikan pisin joki sivujokia lukuun ottamattaMississippi
79%
KErikoisen värinen joki KiinassaKeltainenjoki
75%
JAasian pisin jokiJangtse
72%
ETigriksen vierellä virtaava jokiEufrat
64%
LRanskan pisin jokiLoire
62%
DKiovan läpi virtaava jokiDnepr
59%
UVirtaa Venäjän ja Kazakstanin kautta KaspianmereenUral
59%
CVirtaa Grand Canyonin halkiColorado
58%
IMuinaisen sivilisaation asuttama joki PakistanissaIndus
51%
WJ:n sivujoki ja myös yksi kiinalaisista kielistäWu
44%
YAlaskan ja koillisen Kanadan läpi virtaava jokiYukon
42%
PVirtaa Brasilian, Paraguayn sekä Argentiinan läpi ja laskee Rio de la PlataanParaná
31%
OOsan Namibian ja Etelä-Afrikan rajasta muodostava jokiOranje
30%
ÄVienanmereen Onegan kaupungin vieressä laskeva jokiÄänisjoki
28%
BG:n tärkein sivujoki, joka saa alkunsa TiibetistäBrahmaputra
26%
HSen suisto on lähellä HongkongiaHelmijoki
18%
FLaskee Tyyneenmereen Vancouverin lähistölläFraser
11%
XA:n sivujokiXingu
8%
ZAmurjoen sivujokiZeja
6%

Tulosjakauma

Persentiili vastausten määrän mukaan

Jokaisen tuloksen saaneiden osuus

Tuloshistoriasi

Et ole pelannut tätä visaa